000 00459nam a22001697a 4500
999 _c526036
_d526036
003 NUST
038 _awaseem
082 _a891.421
_bMRZ
100 _aMirza, Muhammad Saleem
_915203
245 _aQlb e saleem /
_cMuhammad Saleem Mirza
260 _aRawalpindi :
_bMuhammad Saleem Mirza,
_c2010.
300 _a195 p. ;
500 _aHardcover.
880 _6100-01\r
_aمحمد سلیم مرزا
880 _6245-02/r
_aقلب سلیم /
942 _2ddc
_cBK